000 00557nam a2200181 i 4500
001 80773
003 ES-MaACL
005 20230906174309.0
007 t|
008 041029s1969 sp ||||1| spa d
100 1 _aHolstein, Henri.
_964075
245 1 0 _aDe la incredulidad a la fe
_b: perspectivas para un diálogo pastoral /
_cH. Holstein, R. Berthier, R. Masson.
260 _aBilbao :
_bMensajero,
_c[1969]
300 _a176 p. ;
_c20 cm.
700 1 _aBerthier, René.
_928450
700 1 _aMasson, R.
_978849
852 _aES-MaACL
_jC-50999
_bR.72019
999 _c80773
_d80773